000 00306nam a22001337a 4500
008 171012b xxu||||| |||| 00| 0 eng d
020 _a9780071086288
041 _aeng
080 _211 ED
_a316
100 _a50
101 _aSOC
245 _aMETHODS BEHAVIORSL RESEARCH
_cCOZBY.P.C
942 _2udc
_cBK
999 _c33520
_d33520